[Event "GER-chT U18 Girls"]
[Site "Karlsruhe"]
[Date "2015.05.10"]
[Round "7.2"]
[White "Bach, Kira Annika"]
[Black "Bolender, Luisa"]
[Result "0-1"]
[WhiteElo "1536"]
[BlackElo "1167"]
[PlyCount "118"]
[EventDate "2015.05.07"]
[EventType "team-swiss"]
[EventRounds "7"]
[EventCountry "GER"]
[SourceTitle "EXT 2017"]
[Source "ChessBase"]
[SourceDate "2016.10.25"]
[SourceVersion "1"]
[SourceVersionDate "2016.10.25"]
[SourceQuality "1"]
[WhiteTeam "Trier (W)"]
[BlackTeam "Bad Hersfeld (W)"]
[WhiteTeamCountry "GER"]
[BlackTeamCountry "GER"]

1. e4 e5 2. Nf3 Nc6 3. Bb5 a6 4. Ba4 Nf6 5. 0-0 b5 6. Bb3 Be7 7. Re1 0-0 8. c3 d5 9. exd5 Nxd5 10. Nxe5 Nxe5 11. Rxe5 c6 12. Qf3 Bd6 13. Re1 Re8 14. Rf1 Qh4 15. g3 Qh3 16. Qg2 Qh5 17. h4 Bg4 18. Bxd5 cxd5 19. d4 Qf5 20. Kh2 Re2 21. Qg1 Bh3 22. Be3 Bxf1 23. Qxf1 Rxe3 24. Nd2 Bxg3+ 25. fxg3 Qxf1 26. Nxf1 Re2+ 27. Kh3 Rxb2 28. Ne3 Rd8 29. a4 b4 30. cxb4 Rxb4 31. Nc2 Rc4 32. Ra2 Rdc8 33. Ne3 Rxd4 34. a5 g6 35. Kg2 Rd3 36. Kf2 Re8 37. Ng4 Kg7 38. Rc2 Rd4 39. Ne3 Rd3 40. Ng2 Rb3 41. Rc6 Re6 42. Rc5 Rb5 43. Rxb5 axb5 44. Ne3 d4 45. Nd1 Ra6 46. Ke2 Rxa5 47. Kd3 Ra7 48. Kxd4 Rd7+ 49. Kc3 Rxd1 50. Kb4 Rd3 51. Kxb5 Rxg3 52. h5 gxh5 53. Kc5 h4 54. Kd5 h3 55. Ke4 h2 56. Kf5 h1Q 57. Ke5 Qe1+ 58. Kd4 Qb4+ 59. Ke5 Rg5# 0-1

[Event "GER-chT U18 Girls"]
[Site "Karlsruhe"]
[Date "2015.05.08"]
[Round "3.2"]
[White "Bolender, Luisa"]
[Black "Schaefer, Leonie"]
[Result "1-0"]
[WhiteElo "1167"]
[BlackElo "792"]
[PlyCount "125"]
[EventDate "2015.05.07"]
[EventType "team-swiss"]
[EventRounds "7"]
[EventCountry "GER"]
[SourceTitle "EXT 2017"]
[Source "ChessBase"]
[SourceDate "2016.10.25"]
[SourceVersion "1"]
[SourceVersionDate "2016.10.25"]
[SourceQuality "1"]
[WhiteTeam "Bad Hersfeld (W)"]
[BlackTeam "Lingen Franziskus (W)"]
[WhiteTeamCountry "GER"]
[BlackTeamCountry "GER"]

1. e4 e5 2. Nf3 Nc6 3. Bc4 Nf6 4. Ng5 d5 5. exd5 Nxd5 6. Nxf7 Kxf7 7. Qf3+ Qf6 8. Bxd5+ Be6 9. Bxc6 bxc6 10. Qxc6 Rb8 11. Qxc7+ Kg6 12. Nc3 Be7 13. d3 Rbc8 14. Qxa7 Bc5 15. Qa4 Qxf2+ 16. Kd1 Ra8 17. Qe4+ Bf5 18. Qf3 Qd4 19. h3 Rhf8 20. g4 Be4 21. Qxe4+ Qxe4 22. Nxe4 Bd4 23. Ke2 Rab8 24. c3 Ba7 25. b3 Kf7 26. Rf1+ Kg8 27. Rxf8+ Rxf8 28. Ba3 Rc8 29. Bb4 Rc6 30. Rf1 h6 31. g5 Rg6 32. Rf5 hxg5 33. Nxg5 Rf6 34. Rxe5 g6 35. Re8+ Kg7 36. Re7+ Kh6 37. Nf7+ Kh5 38. Rxa7 Re6+ 39. Kd2 Kh4 40. Re7 Rf6 41. Rd7 Rf2+ 42. Kc1 Kxh3 43. a4 Rf5 44. d4 g5 45. Ne5 g4 46. Rh7+ Kg3 47. a5 Rf1+ 48. Kd2 Kf4 49. Rh4 Rf2+ 50. Kd3 Rg2 51. a6 Ra2 52. Rxg4+ Kf5 53. Rg6 Ra1 54. Bc5 Rd1+ 55. Kc4 Ra1 56. a7 Ke4 57. Rg1 Ra2 58. Rg8 Rxa7 59. Bxa7 Ke3 60. d5+ Kd2 61. Rg2+ Kd1 62. Kd3 Ke1 63. Rg1# 1-0

[Event "Hessen-ch U14/U18 Girls"]
[Site "Bad Homburg"]
[Date "2015.04.02"]
[Round "6"]
[White "Bolender, Luisa"]
[Black "Woehl, Jessica"]
[Result "1-0"]
[WhiteElo "1126"]
[BlackElo "1154"]
[PlyCount "119"]
[EventDate "2015.03.30"]
[EventType "swiss"]
[EventRounds "7"]
[EventCountry "GER"]
[SourceTitle "EXT 2017"]
[Source "ChessBase"]
[SourceDate "2016.10.25"]
[SourceVersion "1"]
[SourceVersionDate "2016.10.25"]
[SourceQuality "1"]

1. e4 e5 2. Nf3 Nc6 3. Bc4 d6 4. d4 Bg4 5. d5 Nd4 6. a4 a6 7. Nbd2 Nf6 8. h3 Bxf3 9. gxf3 b5 10. c3 Nxf3+ 11. Qxf3 bxc4 12. Nxc4 Nd7 13. b4 Qf6 14. Qxf6 Nxf6 15. f3 Be7 16. Rg1 Rg8 17. Be3 Nh5 18. Rg4 Bf6 19. Kd2 Nf4 20. h4 h5 21. Rgg1 Bxh4 22. Bxf4 exf4 23. e5 dxe5 24. Nxe5 Bf6 25. Rae1 Bxe5 26. Rxe5+ Kd7 27. Rxh5 Rae8 28. Rg4 g5 29. Rh6 Re3 30. Rxa6 Rxf3 31. Rh6 Rf2+ 32. Kd3 f5 33. Rg1 g4 34. Re6 g3 35. Re2 Kd6 36. Rxf2 gxf2 37. Rf1 Kxd5 38. Rxf2 Rg3+ 39. Kd2 f3 40. Kd3 Ke5 41. a5 Kf4 42. Ra2 Rg2 43. Ra1 Kg3 44. a6 f2 45. Ke2 Rg1 46. Rf1 Kh2 47. Rxf2+ Kh3 48. Rxf5 Rg8 49. Rf7 Rc8 50. b5 Kg4 51. Kd3 Kg5 52. Kc4 Kg6 53. Rd7 Kf6 54. Kc5 Ke6 55. Kc6 Ra8 56. Rxc7 Ke5 57. Kb7 Rf8 58. a7 Kd6 59. b6 Rg8 60. a8Q 1-0

[Event "Hessen-ch U14/U18 Girls"]
[Site "Bad Homburg"]
[Date "2015.04.02"]
[Round "5"]
[White "Paeutz, Hannah"]
[Black "Bolender, Luisa"]
[Result "0-1"]
[WhiteElo "890"]
[BlackElo "1126"]
[PlyCount "60"]
[EventDate "2015.03.30"]
[EventType "swiss"]
[EventRounds "7"]
[EventCountry "GER"]
[SourceTitle "EXT 2017"]
[Source "ChessBase"]
[SourceDate "2016.10.25"]
[SourceVersion "1"]
[SourceVersionDate "2016.10.25"]
[SourceQuality "1"]

1. e4 e5 2. Nf3 Nc6 3. Bb5 a6 4. Bxc6 dxc6 5. Nxe5 Qd4 6. Nf3 Qxe4+ 7. Qe2 Qxe2+ 8. Kxe2 Bf5 9. d3 Bd6 10. Bg5 Nf6 11. Nd4 Bg6 12. Re1 0-0-0 13. Kf1 Rde8 14. Nc3 h6 15. Bxf6 gxf6 16. Rad1 h5 17. Re3 Rxe3 18. fxe3 Bxh2 19. b4 h4 20. a4 b5 21. axb5 cxb5 22. Nd5 Be5 23. c4 h3 24. cxb5 h2 25. Kf2 h1Q 26. Rxh1 Rxh1 27. bxa6 Bxd4 28. exd4 Bxd3 29. Ne7+ Kd7 30. a7 Ra1 0-1

[Event "Hessen-ch U14/U18 Girls"]
[Site "Bad Homburg"]
[Date "2015.03.30"]
[Round "3"]
[White "Polak, Alice"]
[Black "Bolender, Luisa"]
[Result "1/2-1/2"]
[WhiteElo "1031"]
[BlackElo "1126"]
[PlyCount "45"]
[EventDate "2015.03.30"]
[EventType "swiss"]
[EventRounds "7"]
[EventCountry "GER"]
[SourceTitle "EXT 2017"]
[Source "ChessBase"]
[SourceDate "2016.10.25"]
[SourceVersion "1"]
[SourceVersionDate "2016.10.25"]
[SourceQuality "1"]

1. e4 e5 2. d4 exd4 3. Qxd4 Nc6 4. Qe3 d6 5. Nc3 Nf6 6. Bd2 Be6 7. 0-0-0 a6 8. f3 Be7 9. Nge2 b5 10. a3 b4 11. axb4 Nxb4 12. g4 c6 13. g5 Qa5 14. Kb1 Ba2+ 15. Kc1 Nd7 16. Nd4 Be6 17. Kb1 c5 18. Nxe6 fxe6 19. Bc4 Nf8 20. f4 Qb6 21. Rhf1 a5 22. f5 a4 23. Bb5+ 1/2-1/2

[Event "Hessen-ch U12"]
[Site "Bad Homburg"]
[Date "2014.??.??"]
[Round "6"]
[White "Bolender, Luisa"]
[Black "Kuech, Leonard"]
[Result "1-0"]
[WhiteElo "1239"]
[BlackElo "812"]
[PlyCount "43"]
[EventDate "2014.04.??"]
[EventType "swiss"]
[EventRounds "9"]
[EventCountry "GER"]
[SourceTitle "EXT 2022"]
[Source "ChessBase"]
[SourceDate "2021.10.06"]
[SourceVersion "1"]
[SourceVersionDate "2021.10.06"]
[SourceQuality "1"]

1. e4 e5 2. Nf3 Nc6 3. Bc4 Bc5 4. c3 Nf6 5. d4 Bd6 6. Qd3 0-0 7. Bb5 Qe7 8. Nbd2 a6 9. Bxc6 dxc6 10. Nc4 b5 11. Ncxe5 Be6 12. Nxc6 Qe8 13. Nce5 Bc4 14. Qc2 h6 15. b3 Be6 16. 0-0 Bg4 17. Nxg4 Nxg4 18. h3 Nf6 19. e5 Bxe5 20. dxe5 Nd7 21. Re1 f6 22. e6 1-0

[Event "Hessen-ch U12"]
[Site "Bad Homburg"]
[Date "2014.??.??"]
[Round "8"]
[White "Krauthan, Finn"]
[Black "Bolender, Luisa"]
[Result "0-1"]
[WhiteElo "875"]
[BlackElo "1239"]
[PlyCount "154"]
[EventDate "2014.04.??"]
[EventType "swiss"]
[EventRounds "9"]
[EventCountry "GER"]
[SourceTitle "EXT 2022"]
[Source "ChessBase"]
[SourceDate "2021.10.06"]
[SourceVersion "1"]
[SourceVersionDate "2021.10.06"]
[SourceQuality "1"]

1. b3 e5 2. Bb2 Nc6 3. e3 d6 4. Bc4 Nf6 5. Nc3 Na5 6. Nd5 Nxc4 7. Nxf6+ Qxf6 8. bxc4 Be6 9. d3 Qg5 10. Qf3 c6 11. Qg3 Qg6 12. Qxg6 hxg6 13. Nf3 f6 14. Nd2 a6 15. d4 b5 16. dxe5 dxe5 17. cxb5 axb5 18. h3 Rxa2 19. Rxa2 Bxa2 20. 0-0 Rh4 21. Ra1 Ra4 22. Kf1 Be6 23. Rd1 Ra2 24. Rb1 Ra4 25. c3 Bc4+ 26. Ke1 e4 27. Nxc4 Rxc4 28. Ra1 Ra4 29. Kd2 Rxa1 30. Bxa1 Kd7 31. c4 Bb4+ 32. Kc2 bxc4 33. Kb2 Kd6 34. Kc2 Kd5 35. Bd4 c5 36. Bb2 Ke6 37. g3 g5 38. g4 g6 39. Bc3 f5 40. Bg7 Be1 41. Bf8 Kd5 42. Be7 fxg4 43. hxg4 Bxf2 44. Bxg5 Be1 45. Bf6 Bb4 46. Be7 Ke6 47. Bf8 Kf6 48. Bh6 Be1 49. Bf4 Ke6 50. Bh6 Kd5 51. Bg5 c3 52. Bf4 Kc4 53. Bg5 Kb4 54. Bf4 Bd2 55. Bg5 c4 56. Bf4 Be1 57. Bg5 Bf2 58. Bf4 Bh4 59. Be5 Be1 60. Bf4 Ka3 61. g5 Ka2 62. Be5 Bd2 63. Bf4 Ka3 64. Bg3 Bxe3 65. Kxc3 Bxg5 66. Kxc4 Kb2 67. Kd4 e3 68. Ke4 Kc2 69. Ke5 e2 70. Ke6 Bf4 71. Bf2 g5 72. Kf5 Kd2 73. Kg4 e1Q 74. Bxe1+ Kxe1 75. Kh3 Kf1 76. Kg4 Kg2 77. Kh5 Kg3 0-1

[Event "Hessen-ch U12"]
[Site "Bad Homburg"]
[Date "2013.??.??"]
[Round "1"]
[White "Bolender, Luisa"]
[Black "Theobald, Fabian"]
[Result "0-1"]
[WhiteElo "1076"]
[BlackElo "760"]
[PlyCount "72"]
[EventDate "2013.03.??"]
[EventType "swiss"]
[EventRounds "9"]
[EventCountry "GER"]
[SourceTitle "EXT 2014"]
[Source "ChessBase"]
[SourceDate "2013.11.20"]
[SourceVersion "1"]
[SourceVersionDate "2013.11.20"]
[SourceQuality "1"]

1. e4 e5 2. Nf3 Nc6 3. Bc4 Nf6 4. Ng5 d5 5. exd5 Nxd5 6. Nxf7 Kxf7 7. Qf3+ Ke6 8. Nc3 Nd4 9. Qe4 c6 10. f4 Qd6 11. 0-0 b5 12. f5+ Kf6 13. Bxd5 cxd5 14. Nxd5+ Kf7 15. Ne3 Rb8 16. Qd3 Kf6 17. c3 Nf3+ 18. Rxf3 Qxd3 19. Ng4+ Kg5 20. Rxd3 Kxg4 21. f6 gxf6 22. Rg3+ Kf5 23. Rf3+ Ke6 24. Re3 b4 25. Kf1 bxc3 26. bxc3 Ba6+ 27. Ke1 Kd5 28. Rf3 Be7 29. d4 exd4 30. Rf5+ Ke4 31. Rf4+ Kd3 32. cxd4 Kc2 33. Rf2+ Kd3 34. Rd2+ Ke4 35. Kf2 Bb4 36. Rb2 Bc3 0-1